Normal view
MARC view
- Perveen, Anita
Entry Personal Name
001 - CONTROL NUMBER
- control field: 133977
003 - CONTROL NUMBER IDENTIFIER
- control field: NUST
005 - DATE AND TIME OF LATEST TRANSACTION
- control field: 20260408114128.0
008 - FIXED-LENGTH DATA ELEMENTS
- fixed length control field: 260408|| aca||aabn | a|a d
040 ## - CATALOGING SOURCE
- Original cataloging agency: NUST
- Transcribing agency: NUST
100 ## - HEADING--PERSONAL NAME
- Personal name: Perveen, Anita
670 ## - SOURCE DATA FOUND
- Source citation: Work cat.: (NUST): Perveen, Anita , Psoriasis & Neuroinflammation: Exploring Cytokine Release in Barrier and Metabolic Organs /
